| 000 | 01065nmm a2200289 a 4500 | ||
|---|---|---|---|
| 001 | ocm000580597 | ||
| 003 | TR-IsHL | ||
| 005 | 20201028122820.0 | ||
| 008 | 110704s2007 tu tur | ||
| 007 | cr cn | ||
| 020 | _a9789758911318 | ||
| 035 |
_a580597 _b(N$T) |
||
| 050 | 0 | 4 |
_aBP80.I29 _bF34 2007 |
| 090 | 0 | 4 |
_aBP80.I29 _bF34 2007 |
| 100 | 1 | _aFahreddin, Rızaeddin İbn | |
| 245 | 1 | 0 |
_aKalem ve kılıç üstadı Şeyhülislam İbn Teymiyye ve mücadelesi _h[electronic resource] / _cRızaeddin İbn Fahreddin ; çev. Ömer Hakan Özalp |
| 250 | _a1. bs. | ||
| 260 |
_aİstanbul : _bÖzgü Yayınları, _c2007 |
||
| 300 | _a208 p. | ||
| 650 | 4 | _aFelsefe, Psikoloji ve Din | |
| 650 | 4 | _aPhilosophy, Psychology and Religion | |
| 650 | 0 | _aİbn Teymiyye, Şeyhülislam, 661-728 | |
| 650 | 0 | _aIbn Taymīyah, Aḥmad ibn ʻAbd al-Ḥalīm, 661-728 | |
| 650 | 7 |
_aBIOGRAPHY & AUTOBIOGRAPHY / Religious _2bisacsh |
|
| 700 | 1 | _aÖzalp, Ömer Hakan | |
| 856 | 4 | 0 | _uhttp://search.ebscohost.com/login.aspx?direct=true&scope=site&db=e011xww&AN=580597 |
| 999 |
_c2069 _d2069 |
||